| 000 | 00404nam a22001457a 4500 | ||
|---|---|---|---|
| 999 |
_c17988 _d17988 |
||
| 008 | 191018b xxu||||| |||| 00| 0 eng d | ||
| 020 | _a1841132570 | ||
| 050 |
_aJX4411 _b.R68 2010 c.1 |
||
| 100 | _aRotwell, Donald R. | ||
| 245 |
_aThe International Law of the Sea _cDonald R. Rothwell |
||
| 260 |
_aOxford _bHeart Publishing _c2010 |
||
| 300 | _axiv, 500p. | ||
| 700 | _aTim Stephens | ||
| 942 |
_2lcc _cBK |
||